| 000 | 00627nam a22002057a 4500 | ||
|---|---|---|---|
| 999 |
_c196651 _d196651 |
||
| 005 | 20230816111029.0 | ||
| 010 | _aENG-137478 | ||
| 020 |
_c449.00 _a9788190327237 |
||
| 035 | _aEN-121010 | ||
| 037 | _bDBAD/PUB | ||
| 082 | _a323.0954 | ||
| 100 | _aPrakasani,Setu | ||
| 245 |
_aHuman Rights In India: _cby Setu Prakasani _bHistorical Perspective and Challenges ahead / |
||
| 260 |
_aIndia _bArchana Das & Subrata Das |
||
| 270 |
_a12/A, Shankar Ghosh Lane, Kol-6 _bIndia |
||
| 300 |
_a276p. _c22cm |
||
| 700 | _aBhattacharyya,Amit | ||
| 700 | _aGhosh,Bimal Kami | ||
| 942 |
_2ddc _cEN _mPRA _h323.0954 |
||